|
|
|
|
| LEADER |
01008cam a2200253 7i4500 |
| 001 |
0000026648 |
| 005 |
20110728090000.0 |
| 020 |
0 |
0 |
|a 9789671007808
|
| 090 |
0 |
0 |
|a M 658.514
|b AZI
|
| 100 |
1 |
0 |
|a Azim Pawanchik
|
| 245 |
1 |
0 |
|a Leading innovasian :
|b embedding innovation culture in Malaysia organizations.
|
| 260 |
0 |
0 |
|a Kuala Lumpur:
|b Alpha Catalyst Consulting,
|c 2010.
|
| 300 |
# |
# |
|a 135 p.
|
| 650 |
0 |
0 |
|a Technological innovations --
|z Malaysia
|
| 650 |
0 |
0 |
|a Inventions --
|z Malaysia
|
| 651 |
0 |
0 |
|a Malaysia
|
| 700 |
1 |
1 |
|a Suraya Sulaiman
|
| 999 |
|
|
|a JHR000272B
|b Book
|c Malaysia
|e MATRADE Southern Regional Office
|
| 999 |
|
|
|a B000028870
|b Book
|c Malaysia
|e Business Information Centre
|
| 999 |
|
|
|a B000028871
|b Book
|c Malaysia
|e Business Information Centre
|
| 999 |
|
|
|a PNG000980B
|b Book
|c Malaysia
|e MATRADE Northern Regional Office
|
| 999 |
|
|
|a SBH000947B
|b Book
|c Malaysia
|e MATRADE Sabah
|
| 999 |
|
|
|a SRW000374B
|b Book
|c Malaysia
|e MATRADE Sarawak
|
| 999 |
|
|
|a TRG000272B
|b Book
|c Malaysia
|e MATRADE Eastern Regional Office
|